| 000 | 00751cab a2200229 4500 | ||
|---|---|---|---|
| 001 | ABS39495 | ||
| 008 | 090401t1988 xxu||||| |||| 00| 0 eng d | ||
| 035 | _a(Sirsi) u17158 | ||
| 041 | _aeng | ||
| 100 | _aWigan, M. | ||
| 245 | _aTrees, tax and doubt | ||
| 260 | _c1988 | ||
| 350 | _a0 | ||
| 490 |
_aField _v270(7005) August 1988, 62(1) |
||
| 520 | _aIn the last Budget the Chancellor removed the tax advantages of investing in woodlands and increased tree planting grants. This article briefly discusses the implications of these two developments for the forestry industry. | ||
| 650 | _aFORESTRY COMMISSION | ||
| 650 | _aINVESTMENT | ||
| 650 | _aWOODLAND GRANT SCHEME | ||
| 690 | _aRURAL PRACTICE | ||
| 942 | _n0 | ||
| 948 | _c04/03/1997 | ||
| 999 |
_c11377 _d11377 |
||